| 000 | 01009cam a2200253 a 4500 | ||
|---|---|---|---|
| 001 | 000004717 | ||
| 005 | 20200929151505.0 | ||
| 008 | 951026s1995 ck b 001 0 spa | ||
| 020 | _a9586552004 (obra completa) | ||
| 020 | _a9586552020 (v. 1) | ||
| 020 | _a9586552012 (v. 2) | ||
| 040 |
_aDO-SdBNP _cDLC |
||
| 082 |
_aC860.44 _bL776d |
||
| 245 | 0 | 0 |
_aLiteratura y diferencia : _bescritoras colombianas del siglo XX / _ceditoras, María Mercedes Jaramillo, Betty Osorio de Negret, Ángela Inés Robledo. |
| 260 |
_aSantafé, Bogotá : _bUniandes ; _bUniversidad de Antioquia, _c1995. |
||
| 300 |
_a2 v. ; _c22 cm. |
||
| 650 | 4 |
_aLiteratura colombiana _xHistoria y crítica _ySIGLO XX _913734 |
|
| 650 | 4 |
_aMujeres como autoras _zColombia _913735 |
|
| 650 | 4 |
_aLiteratura feminista _913736 |
|
| 700 | 1 |
_aJaramillo, María Mercedes, _d1949- _eed. _913737 |
|
| 700 | 1 |
_aOsorio de Negret, Betty, _d1951- _eed. _913738 |
|
| 700 | 1 |
_aRobledo, Ángela Inés, _d1954- _eed. _911406 |
|
| 910 | _aCatalogación por copia / LC | ||
| 999 |
_c4523 _d4523 |
||